• 首页
  • 本馆介绍
  • 公告通知
  • 最新文献
  • 馆藏检索
  • 电子资源
  • 读者导购
  • 参考咨询
  • 我的图书馆
  • 登录
  • 详细信息显示
  • 放入我的书架
  • 预约/预借图书
  • 作者相关作品
  • 分类相关作品
  • 丛书相关作品
  • 出版社相关作品

书目信息

  • 表格格式
  • 工作单格式
  • 卡片格式
题名:
文艺学研究论丛
    
 
作者: ;社会科学战线编辑部 编
分册:  
出版信息: 长春   吉林人民出版社  1979
页数: 508页
开本: 19cm
丛书名: 社会科学战线丛书
单 册:
中图分类: I109.9
科图分类:
主题词: 文学流派--研究--世界
电子资源:
ISBN:
000 00711nam2 2200241 45
001 0179001709
005 20041228135129.5
010    @dCNY1.17
091    @a10091.713
100    @a19950717d1979 em y0chiy0121 ea
101 0  @achi
102    @aCN@b220000
105    @ay z 000zy
200 10 @a文艺学研究论丛@Awen yi xue yan jiu lun cong@f《社会科学战线》编辑部编@F《She Hui Ke Xue Zhan Xian》Bian Ji Bu Bian
210    @a长春@c吉林人民出版社@d1979
215    @a508页@d19cm
225 2  @a社会科学战线丛书@h6
410  0 @120010@a社会科学战线丛书@h6
606 0  @a文学流派@x研究@x世界
690    @aI109.9@v3
711 02 @a社会科学战线编辑部@4编
801  0 @aCN@bNLC@c20040425
905    @dI109.9@e1@f1@b67686
    
    文艺学研究论丛/《社会科学战线》编辑部编.-长春:吉林人民出版社,1979
    508页;19cm.-(社会科学战线丛书.6)
    
    
    ISBN :CNY1.17
    
●
相关链接 在E读中查询图书 在五车中查询图书 在当当中查询图书 在豆瓣中查询图书


正题名:文艺学研究论丛     索取号:I109.9/1         预约/预借

序号 登录号 条形码 馆藏地/架位号 状态 备注
1 0067686   001973840   密集书库/ [索取号:I109.9/1] 在馆    
2 0067690   000218286   第一样本阅览室/ [索取号:I109.9/1] 在馆    
唐山师范学院图书馆 欢迎您!
大连网信软件有限公司© 版权所有